Strongest Leagues in World Football - Statistics

General Stats
  • This quiz has been taken 54 times
  • The average score is 36 of 50
Answer Stats
Rank Avg Team Rating Answer % Correct
1. 90.9 English Premier League
95%
6. 79.4 English Championship
90%
31. 73.4 English League One
90%
5. 82.5 French Ligue 1
90%
38. 72.6 French Ligue 2
90%
3. 83.5 German Bundesliga
90%
25. 74.5 German Bundesliga Zwei
90%
2. 84.1 Italian Serie A
90%
27. 73.6 Italian Serie B
90%
8. 78.8 Portugese Primeira Liga
90%
50. 69.8 Portuguese Segunda Liga
90%
4. 83.2 Spanish La Liga
90%
26. 74.2 Spanish Segunda Division
90%
9. 77.6 Brazilian Seria A
86%
45. 70.5 Brazilian Serie B
86%
10. 77.4 Danish Superligaen
86%
17. 75.3 Dutch Eredivisie
86%
7. 79.0 Belgian Jupiler Pro League
81%
22. 74.7 Liga MX
81%
13. 75.9 Liga Professional Argentina
81%
12. 76.8 Polish Ekstraklasa
81%
24. 74.5 Russian Premier League
81%
34. 72.9 Saudi Arabian League
81%
29. 73.4 Swedish Allsvenskan
81%
16. 75.3 Turkish Super Lig
81%
18. 75.0 Greek Super League
76%
15. 75.4 Japanese J1 League
76%
19. 74.9 Norwegian Eliteserien
76%
11. 77.1 US Major League Soccer
76%
32. 73.2 Austrian Bundesliga
71%
30. 73.4 Colombia Primera A Apertura
71%
14. 75.9 Croatia Prva HNL
71%
41. 72.0 Korean K-League 1
71%
36. 72.8 Scottish Premiership
71%
20. 74.8 Brack Super League
67%
35. 72.8 Romania Liga
67%
21. 74.7 Czech First League
62%
44. 70.6 Liga AUF
62%
37. 72.7 Botola Pro
57%
43. 70.7 Chile Primera
57%
42. 71.7 Egyptian Premier League
57%
28. 73.5 Hungarian Liga NB I
57%
33. 73.1 Ecuador Liga Pro
52%
48. 70.0 Persian Gulf Pro League
48%
39. 72.2 Algerian Ligue 1
43%
47. 70.1 Slovenia PrvaLiga
43%
40. 72.1 Division Profesional
38%
23. 74.6 Cypriot Divison 1
33%
49. 69.9 Azerbaijan Premier League
24%
46. 70.3 Isreali Ligat Ha'al
5%
No matching quizzes found
Score Distribution
Percent of People with Each Score
Percentile by Number Answered
Your Score History
You have not taken this quiz